000
00229nam a2200097 a 4500
008
111125s2000|||| d
245
1
0
_a
Martin Z dejín mesta
260
_b
Neografia
_a
Martin
_c
2000
020
_c
300
044
_a
xo
_c
SK
999
_c
18322
_d
18322